Historiadores ecuatorianos

Guardat en:
Dades bibliogràfiques
Autor principal: Velasco, Juan de (Autor)
Format: Llibre
Idioma:espanyol
Publicat: Quito Ministerio de Educación Pública 1958
Col·lecció:Biblioteca del Estudiante, 21
Matèries:
Etiquetes: Afegir etiqueta
Sense etiquetes, Sigues el primer a etiquetar aquest registre!

MARC

LEADER 00000nam a2200000 a 4500
001 UCO3744
003 CL-VaPUC
008 000720e19580000ec |||||||||||||||||spa|d
082 0 4 |a 986.6007202  |b VEL  |2 21 
100 0 |a Velasco, Juan de  |e author  |9 321114 
245 1 0 |a Historiadores ecuatorianos 
300 |a 59 p 
942 |c BK 
945 |d 20000720 00:00:00  |a crobeson 
260 |a Quito  |b Ministerio de Educación Pública  |c 1958 
650 7 |a HISTORIA DE ECUADOR  |2 CL-VaPUC  |9 447636 
650 0 |a Historiadores  |9 314498 
650 0 |a Historiografía   |9 257871 
651 0 |a Ecuador  |9 258378 
583 |a last modification  |c 20171123 01:36:26  |k Rodrigo Vera 
490 0 |a Biblioteca del Estudiante, 21 
999 |c 289876  |d 289874 
952 |0 0  |1 0  |4 0  |6 986_600720200000000_VEL_1958  |7 0  |8 A  |9 338780  |a BIBHIS  |b BIBHIS  |d 2019-11-20  |i 1200275  |o 986.6007202 VEL 1958  |p 1200275  |r 2025-01-20  |w 2019-11-20  |y BK  |k HIS